=LDR 00000nam 2200000 4500 =001 NUTBA000000000001173 =005 20241218111043 =035 ##$$a 0010-041400000000443 =008 241218################g##########0#ind## =020 ##$$a 978-979-769-217-9 =082 ##$$a 342.03 =100 1#$$a Huda, Ni'matul =245 1#$$a UUD 1945 DAN GAGASAN AMANDEMEN ULANG /$c Ni' matu Huda, SH., M.Hum =260 ##$$a Jakarta :$b Rajawali Pers,$c 2008 =440 ##$$a UUD 1945 DAN GAGASAN AMANDEMEN ULANG =700 #$$a $aHUDA, NI'MATUL =084 ##$$a 342.03 HUD u =250 ##$$a cet.1 =300 ##$$a xiii, 327 hlm ; $c 22 x 14 cm$e 311-328 =650 #4$$a Undag-undang Dasar 1945- e =990 ##$$a 00056396 =990 ##$$a 00084858 =990 ##$$a 20801522 =990 ##$$a 20801519 =990 ##$$a 00084858 =990 ##$$a 00056396 =990 ##$$a 20801522 =990 ##$$a 20801519